Plant taxonomy : the systematic evaluation of comparative data /

محفوظ في:

المؤلف الرئيسي: Stuessy, Tod F.

مؤلفون آخرون: Clemants, Steven Earl.

التنسيق: كتاب

اللغة: English

منشور في: New York : Columbia University Press, 1989.

الموضوعات:

الوسوم: إضافة وسم

لا توجد وسوم, كن أول من يضع وسما على هذه التسجيلة!

رقم الطلب: QK95 .S78

LEADER 00686nam a22002297a 4500
003 OSt
005 20251117102011.0
008 251117t1989 nyua b 001 0 eng d
020 |a 0231067844 
040 |c ARCE Library 
050 1 4 |a QK95  |b .S78 
100 1 |a Stuessy, Tod F. 
245 1 0 |a Plant taxonomy :   |b the systematic evaluation of comparative data /   |c Tod F. Stuessy. 
264 1 |a New York :  |b Columbia University Press,  |c 1989. 
300 |a xvii, 514 p. :   |b ill. ;   |c 26 cm. 
500 |a Includes indexes. 
504 |a Bibliography: p. 407-489. 
650 0 |a Plants -- Classification. 
700 1 |a Clemants, Steven Earl. 
901 |a reviewed 
942 |2 lcc  |c BK 
999 |c 48678  |d 48678